000
00276nam a2200109Ia 4500
008
230907s9999||||xx |||||||||||||| ||und||
082
_a
620.001515353
_b
LIU
100
_a
Liu, G. R.
_9
115453
245
4
_a
The finite element method :
300
_a
xxi, 433 pages :
942
_c
BK
999
_c
598429
_d
598429